| 000 | 00536nam a2200169 4500 | ||
|---|---|---|---|
| 001 | 136714 | ||
| 003 | ES-MaACL | ||
| 005 | 20230906195217.0 | ||
| 007 | t| | ||
| 008 | 070214s1980 sp r ||||1| spa d | ||
| 100 | 1 |
_aSagardoy, Juan Antonio. _9101405 |
|
| 245 | 1 | 3 |
_aLa terminación del contrato de trabajo / _cJuan Antonio Sagardoy. |
| 260 |
_aMadrid : _bInstituto de Estudios Económicos, _c1980. |
||
| 300 |
_a211 p. ; _c24 cm. |
||
| 710 | 0 | 0 |
_aInstituto de Estudios Económicos (Madrid) _94899 |
| 852 |
_aES-MaACL _jL-76 _bR.100657 |
||
| 999 |
_c136714 _d136714 |
||